| 000 | 01326nam a2200325 i 4500 | ||
|---|---|---|---|
| 003 | EG-GICUC | ||
| 005 | 20260121101201.0 | ||
| 008 | 251109s1973 ua |||f |||| 00| 0 ara d | ||
| 040 |
_a EG-GICUC _bara _c EG-GICUC _d EG-GICUC _erda |
||
| 041 | 0 | _aAra | |
| 082 | 0 | 4 |
_221 _a257.1 _bم ح . أ |
| 092 | 0 | 4 | _221 |
| 099 | _aLaw1 01 257.1 م ح . أ 1973 | ||
| 100 | 0 |
_aعلي بن محمد الماوردي _eمؤلف. |
|
| 245 | 1 | 2 |
_aالأحكام السلطانية والولايات الدينية / _cتأليف أبى الحسن على بن محمد بن حبيب البصرى البغدادى الماوردى. _b |
| 250 | _aالطابعة الثالثة | ||
| 264 | 3 |
_aالقاهرة : _bمكتبة ومطبعة مصطفي البابي الحلبي، _c1973. |
|
| 300 |
_a264 صفحة : _bصفحات غير مرقمة ؛ _c24 سم. |
||
| 336 |
_2rda content _atext |
||
| 337 |
_2rda media _aComputer |
||
| 338 |
_2rda carrier _aOnline Resource |
||
| 504 | _aيشتمل على إرجاعات ببليوجرافية. | ||
| 546 | _aالنص باللغة العربية | ||
| 650 | 1 |
_aالنظام السياسي _2qrmak |
|
| 650 | 1 |
_aالشريعة الإسلامية _2qrmak |
|
| 651 | 1 | _2qrmak | |
| 856 | 4 | 0 | _uhttps://fll.law.cu.edu.eg/fulltext/bks/B01-03084.pdf |
| 905 | _a62 | ||
| 942 |
_2ddc _cBK _e21 _n0 |
||
| 999 |
_c42042 _d42042 |
||